Analýza faktov efektívnosti výroby a riadenia poľnohospodárskych podnikov za obdobie 1/1982 - 12/1983 systematická záverečná správa z riešenia čiastkovej úlohy ŠPEV 903 529 305-04

Guardado en:
Detalles Bibliográficos
Formato: Libro
Lenguaje:eslovaco
Publicado: Bratislava Vysoká škola ekonomická 1983
Etiquetas: Agregar Etiqueta
Sin Etiquetas, Sea el primero en etiquetar este registro!

MARC

LEADER 00000nam a2200000 4500
001 c116463
005 20260325101713.8
041 0 |a slo 
044 |a SK 
245 1 0 |a Analýza faktov efektívnosti výroby a riadenia poľnohospodárskych podnikov za obdobie 1/1982 - 12/1983  |b systematická záverečná správa z riešenia čiastkovej úlohy ŠPEV 903 529 305-04 
264 1 |a Bratislava  |b Vysoká škola ekonomická  |c 1983 
300 |a 73, 4 s.